000 00471nab a2200145Ia 4500
003 ES-SlBCS
005 20210601150056.0
008 140529s1989 xxu||||| |||| 00| 0 spa d
041 _aspa
100 1 _aGarcía Velasco, Julio
_941719
245 0 0 _aAlgunas pistas sobre el acompañamiento y el discernimiento vocacional
_c Julio García Velasco
650 0 4 _aAcompañamiento
_9187788
773 0 _tSeminarios
_gvol. 35, nº. 111, 1989, págs. 27-58
_wRev1557
942 _cAR
999 _c734961
_d734961